La concepción normativa de la culpabilidad

Saved in:
Bibliografiske detaljer
Hovedforfatter: Goldschmidt, James (Author)
Format: Bog
Sprog:spansk
Udgivet: San Miguel de Tucumán Euros 2002
Udgivelse:2a. ed
Serier:Maestros del Derecho Penal, 7
Fag:
Tags: Tilføj Tag
Ingen Tags, Vær først til at tagge denne postø!

MARC

LEADER 00000nam a2200000 a 4500
001 UCK3316
003 CL-VaPUC
008 050422e20020000AG |||||||||||||||||spa|d
020 |a 9974578191 
082 0 4 |a 345.04  |b GOL  |2 21 
100 |a Goldschmidt, James  |e author  |9 562292 
245 1 3 |a La concepción normativa de la culpabilidad 
250 |a 2a. ed 
300 |a 159 p 
942 |c BK 
945 |d 20050422 00:00:00  |a cmena 
260 |a San Miguel de Tucumán  |b Euros  |c 2002 
650 7 |a DERECHO PENAL  |2 CL-VaPUC  |9 11 
650 7 |a CULPABILIDAD  |2 CL-VaPUC  |9 351694 
650 0 |a Responsabilidad penal  |9 254899 
650 0 |a Jurisprudencia  |9 255952 
650 0 |a Delitos  |9 224143 
583 |a last modification  |c 20050422 00:00:00  |k Rodrigo Vera 
490 0 |a Maestros del Derecho Penal, 7 
999 |c 312562  |d 312560 
952 |0 0  |1 0  |4 0  |6 345_040000000000000_GOL_2002  |7 0  |8 A  |9 383053  |a BIBDER  |b BIBDER  |d 2019-11-21  |i 4105087  |l 1  |o 345.04 GOL 2002  |p 4105087  |r 2024-09-02  |s 2024-09-02  |w 2019-11-21  |y BK  |k DER